Biología y fisiología de los elementos nerviosos
Gespeichert in:
| 1. Verfasser: | |
|---|---|
| Format: | Buch |
| Sprache: | Spanisch |
| Veröffentlicht: |
Barcelona
Toray-Masson
1976
|
| Schriftenreihe: | Estructuras y Funciones del Sistema Nervioso
|
| Schlagworte: | |
| Tags: |
Tag hinzufügen
Keine Tags, Fügen Sie den ersten Tag hinzu!
|
MARC
| LEADER | 00000nam a2200000 a 4500 | ||
|---|---|---|---|
| 001 | UCZ6809 | ||
| 003 | CL-VaPUC | ||
| 008 | 951215e19760300SP |||||||||||||||||spa|d | ||
| 082 | 0 | 4 | |a 591.188 |b LAG |2 21 |
| 100 | 0 | |a Laget, P |e author |9 351317 | |
| 245 | 1 | 0 | |a Biología y fisiología de los elementos nerviosos |
| 300 | |a 179 p | ||
| 942 | |c BK | ||
| 945 | |d 19951215 00:00:00 |a cmena | ||
| 260 | |a Barcelona |b Toray-Masson |c 1976 | ||
| 650 | 0 | |a Sistema nervioso |9 266815 | |
| 650 | 7 | |a NEUROFISIOLOGIA |2 CL-VaPUC |9 351318 | |
| 650 | 7 | |a NERVIOS |2 CL-VaPUC |9 351319 | |
| 650 | 7 | |a TEJIDO NERVIOSO |2 CL-VaPUC |9 269550 | |
| 650 | 7 | |a TRANSMISION NERVIOSA |2 CL-VaPUC |9 343779 | |
| 650 | 0 | |a Cerebro |9 307262 | |
| 583 | |a last modification |c 19951215 00:00:00 |k Rodrigo Vera | ||
| 490 | 0 | |a Estructuras y Funciones del Sistema Nervioso | |
| 999 | |c 242971 |d 242969 | ||
| 952 | |0 0 |1 0 |4 0 |6 591_188000000000000_LAG_1976 |7 0 |8 P |9 256311 |a BIBEDU |b BIBEDU |c BIBEDU_PB |d 2019-11-19 |i 1608363 |o 591.188 LAG 1976 |p 1608363 |r 2024-01-25 |w 2019-11-19 |y BK |k EDU | ||